000 00522nam a2200145 4500
999 _c12851
_d12851
008 210614b ||||| |||| 00| 0 eng d
020 _a9280110489
082 0 0 _a387
_bI339
110 _976
_aInternational Maritime Organization
245 1 0 _aResolutions and other decisions (resolutions 315-370) : Fifth Extraordinary Session, 16-18 October 1974 and Ninth Session, 3-14 November 1975 /
260 _aLondon:
_bInternational Maritime Organization,
_c1975.
300 _a281 p.
650 0 _aMaritime Law
942 _2ddc
_cBK